Glandes et leurs localisations - Statistiques

Statistiques générales
  • Ce quiz a été pris 18 fois
  • Le résultat moyen est 1 sur 32
Statistiques - réponses
Type de quiz 1er Sous Type 2e Sous Type Lacalisation % Correct
Glandes exocrines Tubulo-acineuse Composées Salivaires
43%
Glandes exocrines Acineuses Composées Pancréas (acini séreux)
29%
Glandes exocrines Tubuleuses Contournées Sudoripares
29%
Glandes endocrines Folliculaire Thyroïde
29%
Glandes exocrines Alvéolaire Composées Mammaires
14%
Glandes exocrines Acineuses Ramifiées Bartholin (lèvres vagin)
0%
Glandes exocrines Tubuleuses Composées Brunner (Duodénum)
0%
Glandes endocrines Petit groupe isolé Protéique Cellules à calcitonine
0%
Glandes endocrines Petit groupe isolé Stéroïdique Cellules de Leydig (testicule)
0%
Glandes endocrines Unicellulaires Cellules du système neuroendocrinien
0%
Glandes endocrines Cordonale Stéroïdique Cellules folliculaires (ovaires)
0%
Glandes endocrines Cordonale Stéroïdique Cellules lutéiniques des corps jaune
0%
Glandes exocrines Tubuleuses Ramifiées Col de l'utérus
0%
Glandes endocrines Cordonale Stéroïdique Corticosurrénale
0%
Glandes exocrines Tubuleuses Simples de Lieberkühn (colon)
0%
Glandes exocrines Tubuleuses Ramifiées Estomac cardiales
0%
Glandes exocrines Tubuleuses Ramifiées Estomac fundiques
0%
Glandes exocrines Tubuleuses Ramifiées Estomac pyloriques
0%
Glandes endocrines Cordonale Protéique Glandes Parathyroïdiques
0%
Glandes endocrines Cordonale Protéique Ilots de Langerhans
0%
Glandes endocrines Cordonale Protéique Lobe antérieur de l'hypophyse
0%
Glandes exocrines Acineuses Simples Muqueuses de l'urètre pénien
0%
Glandes exocrines Acineuses Simples Petites salivaires labiales
0%
Glandes exocrines Acineuses Simples Petites Séro-muqueuses Nasales
0%
Glandes exocrines Tubulo-alvéolaire Ramifiées Prostatiques
0%
Glandes exocrines Acineuses Ramifiées Salivaires labiales
0%
Glandes exocrines Acineuses Ramifiées Séro-muqueuses nasales
0%
Glandes exocrines Tubulo-acineuse Composées Trachéales
0%
Glandes endocrines Unicellulaires Tractus digestif
0%
Glandes endocrines Unicellulaires Tractus respiratoire
0%
Glandes exocrines Tubuleuses Simples Utérines
0%
Glandes exocrines Tubulo-alvéolaire Ramifiées Vésicules séminales
0%
Aucun quiz correspondant
Distribution des résultats
% des personnes avec chaque résultat
Percentile par nombre de réponses
Votre historique - résultats
Vous n’avez pas pris ce quiz